Transfery Newcastle w letnim okienku transferowym 2020/21. - Statystyki

Ogólne statystyki
  • Ten quiz został rozwiązany 22 razy
  • Średni wynik to 3 z 5
Statystyki odpowiedzi
Cena Pozycja Poprzedni klub Piłkarz % Poprawnych
22,25 mln Środkowy napastnik Bournemouth Wilson
95%
16,50 mln Lewy obrońca Norwich Lewis
60%
Za darmo Lewy napastnik Bournemouth Fraser
55%
Za darmo Środkowy pomocnik Burnley Hendrick
45%
Za darmo Bramkarz Motherwell Gillespie
5%
Nie znaleziono quizów pasujących do podanych kryteriów
Rozkład punktacji
Procent ludzi z każdym wynikiem
Percentyl według liczby udzielonych odpowiedzi
Twoja historia wyników
Nie rozwiązałeś tego quizu